000 00567nam a2200205Ia 4500
003 GCL
008 140319s9999 xx 000 0 eng d
040 _aGCL /
_cGCL
082 0 4 _a327.172
_bC P
100 1 _aCALTUNG, JOHN
245 1 0 _aPEACE BY PEACEFUL MEANS: PEACE AND CONFLICT DEVELOPMENT AND CIVILIZATION /
_cCALTUNG, JOHN
260 _a[S.N] :
_bSAGE PUBLI CATIONS ،
_c1996
300 _a280 P
650 0 4 _aCIVILIZATION
650 0 4 _aPEACE - CHANGE
650 0 4 _aCIVILIZATION CONFLICT
650 0 4 _aDEVELOPMENT
650 0 4 _aPEACE
942 _2ddc
_cBK
999 _c15331
_d15331